000 00316nam a22001337a 4500
008 171011b xxu||||| |||| 00| 0 eng d
020 _a9780671883263
041 _aeng
080 _a316
100 _a50
101 _aSOC
245 _aTHE INDEX LEADING CULTURAL INDICATIORS
_cBENNETT.W.J
942 _2udc
_cBK
999 _c33188
_d33188